| 000 | 00901nam a2200253 i 4500 | ||
|---|---|---|---|
| 001 | 134814 | ||
| 003 | ES-MaACL | ||
| 005 | 20240228213521.0 | ||
| 007 | t| | ||
| 008 | 070629s1981 sp ||||1| spa d | ||
| 080 | _a355(46)(091) | ||
| 080 | _a946"1517/1700" | ||
| 100 | 1 |
_aThompson, I. A. A. _9110085 |
|
| 245 | 1 | 0 |
_aGuerra y decadencia _b: gobierno y administración en España de los Austrias, 1560-1620 / _cI.A.A. Thompson ; traducción castellana de Jordi Beltrán. |
| 260 |
_aBarcelona : _bEdit. Crítica, _c[1981] |
||
| 300 |
_a410 p. ; _c20 cm. |
||
| 490 | 1 |
_aCrítica. Historia ; _v19 |
|
| 650 | 1 | 4 |
_aFuerzas armadas- _zEspaña- _vHistoria. _913001 |
| 651 | 4 |
_aEspaña- _xHistoria- _y1516-1700, Casa de Austria _98228 |
|
| 700 | 1 |
_aBeltrán, Jordi ( _d1941-) _927364 |
|
| 830 | 0 |
_aCrítica. Historia ; _v19 _9183283 |
|
| 852 |
_aES-MaACL _jL-2515 |
||
| 999 |
_c134814 _d134814 |
||